| 000 | 00942nam a2200289 i 4500 | ||
|---|---|---|---|
| 001 | bg | ||
| 100 | 1 | _aWAYMIRE, Richard | |
| 245 | 1 | 0 |
_aMS SQL Server 2000 dla każdego / _cRichard Waymire, Rick Sawtell ; tł. Jowita Gmytrak, Jacek Mozdyniewicz. |
| 246 |
_iTyt. oryg.: _aTeach yourself Microsoft SQL Server 2000 in 21 days |
||
| 260 |
_aGliwice : _b"Helion", _c2002. |
||
| 300 |
_a707 s. : _bil. ; _c24 cm + _eCD ROM. |
||
| 490 | 1 | _aDla Każdego | |
| 500 | _aTyt. oryg.: "Teach yourself Microsoft SQL Server 2000 in 21 days". | ||
| 504 | _aIndeks. | ||
| 650 | 9 | _aSQL Server | |
| 655 | _aPodręczniki | ||
| 700 | 1 | _aSAWTELL, Rick | |
| 830 | _aDla Każdego | ||
| 020 | _a8371974108 | ||
| 040 | _cBPK | ||
| 041 | 1 |
_apl _ben |
|
| 080 | _a004.42:004.652](07) | ||
| 920 | _a83-7197-410-8 | ||
| 942 | _cKS | ||
| 008 | s pl f |000 0 pol | ||
| 999 |
_c40994 _d40994 |
||
| 856 |
_uhttp://koha.tu.koszalin.pl/cgi-bin/koha/opac-detail.pl?biblionumber=40994 _yKatalog online BPK |
||